| 000 | 01159nam a2200277Ia 4500 | ||
|---|---|---|---|
| 003 | OSt | ||
| 005 | 20220918110814.0 | ||
| 006 | a|||||r|||| 00| 0 | ||
| 007 | ta | ||
| 008 | 220915b |||||||| |||| 00| 0 hin d | ||
| 020 |
_a9788179756102 (hbk (Set)) _c6000 |
||
| 024 | _a19,371 | ||
| 037 |
_b26, 02/02/2015, P. K. Books _cReference Collections |
||
| 040 |
_aARTS _cARTS _bhin |
||
| 041 |
_2hin _ahin |
||
| 082 | _aO152,6M48x, Q5.1-.4(RR) | ||
| 100 | _aभट्ट, बालकृष्ण | ||
| 245 | 0 | _aबालकृष्ण भट्ट रचनावली | |
| 246 | _aBālakṛuṣhṇa bhaṭṭa rachanāvalī | ||
| 260 |
_aनई दिल्ली _bअनामिका पब्लिर्शस भारत _c2015 |
||
| 490 | _vखंड 1 | ||
| 650 | _aहिन्दी साहित्य | ||
| 700 |
_a पाठक, समीर कुमार, संपा. _99623 |
||
| 942 |
_hO152,6M48x, Q5.1-.4(RR) _cREF |
||
| 999 |
_c114895 _d114895 |
||